00445nam a2200121Ia 45000010005000000080041000050820019000461000061000652450126001262600028002529010028002809990015003083052241024s9999 xx 000 0 und d aRD/379.7/R426n aRepública Dominicana.Ministerio de Educación. MINERD 0aNormativas para la contratación del personal Directivo de los Institutos Descentralizados del Ministerio de Educación b[*SIN EDITORIAL*]c2013 a23/7/2013 10:21:33 a.m. c8287d8287